[Event "4NCL Division 2d"]
[Site "Birmingham, ENG"]
[Date "2016.05.01"]
[Round "10.252"]
[White "Zhang, Anthony Y"]
[Black "Chevannes, Sabrina L"]
[Result "1-0"]
[WhiteElo "2207"]
[BlackElo "2086"]
[PlyCount "75"]
[EventDate "2016.05.01"]
[WhiteTeam "Guildford 3"]
[BlackTeam "Cambridge University 2"]

1. d4 d5 2. Nf3 Nf6 3. c4 c6 4. e3 Bf5 5. Nc3 e6 6. Nh4 Bg6 7. Bd2 Nbd7 8. Nxg6
hxg6 9. g3 Be7 10. Qb3 Qc7 11. Be2 Rc8 12. O-O-O dxc4 13. Bxc4 b5 14. Be2 b4
15. Na4 Ne4 16. Be1 c5 17. Kb1 c4 18. Qc2 Qb7 19. f3 Nd6 20. Nc5 b3 21. axb3
cxb3 22. Qc3 Nxc5 23. dxc5 Nf5 24. Rd3 Bxc5 25. Qxb3 Qxb3 26. Rxb3 Nxe3 27. Bf2
Nc4 28. Bxc5 Nd2+ 29. Kc2 Nxb3 30. Bb5+ Kd8 31. Rd1+ Kc7 32. Kxb3 Rcd8 33. Ra1
Rh5 34. Kc4 Rd2 35. b4 Rhxh2 36. Rxa7+ Kb8 37. Rxf7 Rh1 38. Bc6 1-0

[Event "4NCL Division 2d"]
[Site "Birmingham, ENG"]
[Date "2016.05.01"]
[Round "10.253"]
[White "Churm, Rohan M"]
[Black "Granat, Russell G"]
[Result "1/2-1/2"]
[WhiteElo "2137"]
[BlackElo "2217"]
[PlyCount "60"]
[EventDate "2016.05.01"]
[WhiteTeam "Cambridge University 2"]
[BlackTeam "Guildford 3"]

1. e4 e5 2. Nf3 Nc6 3. Bb5 a6 4. Ba4 Nf6 5. O-O Be7 6. Re1 b5 7. Bb3 O-O 8. a4
Rb8 9. d3 d6 10. Nc3 Na5 11. Ba2 c5 12. axb5 axb5 13. Nd5 Nc6 14. Bd2 b4 15. h3
Be6 16. Ne3 Nd4 17. Bxe6 fxe6 18. Nxd4 exd4 19. Nc4 Nd7 20. Qg4 Rf6 21. Ra7 Rg6
22. Qe2 Ne5 23. Nxe5 dxe5 24. f4 exf4 25. Bxf4 Rc8 26. b3 h6 27. Qh5 Kh7 28.
Rf1 Qe8 29. Qe5 Bg5 30. Rc7 Bxf4 1/2-1/2

[Event "4NCL Division 2d"]
[Site "Birmingham, ENG"]
[Date "2016.05.01"]
[Round "10.254"]
[White "Osborne, Marcus E"]
[Black "Pickard, Charles"]
[Result "1/2-1/2"]
[WhiteElo "2213"]
[BlackElo "2130"]
[PlyCount "146"]
[EventDate "2016.05.01"]
[WhiteTeam "Guildford 3"]
[BlackTeam "Cambridge University 2"]

1. c4 e5 2. Nc3 d6 3. g3 g6 4. Bg2 Bg7 5. Nf3 c5 6. a3 Ne7 7. b4 O-O 8. O-O d5
9. cxd5 Nxd5 10. Nxd5 Qxd5 11. Ng5 Qd8 12. d3 e4 13. Rb1 exd3 14. exd3 cxb4 15.
Rxb4 Na6 16. Rb3 Nc5 17. Rb5 Bd4 18. Qc2 Bf5 19. Rxc5 Bxd3 20. Qxd3 Bxf2+ 21.
Rxf2 Qxd3 22. Bd5 Qd4 23. Ne4 Rad8 24. Rc4 Qd1+ 25. Rf1 Rxd5 26. Rxd1 Rxd1+ 27.
Kf2 f5 28. Ng5 Rfd8 29. Bf4 b5 30. Rc6 a5 31. Ne6 R8d3 32. Rc7 Rd7 33. Rc8+ Kf7
34. Ng5+ Ke7 35. Rh8 h5 36. Be5 R7d2+ 37. Kf3 Rd3+ 38. Kg2 Kd7 39. Rh7+ Kc6 40.
Rg7 Rxa3 41. Rxg6+ Kc5 42. Rf6 b4 43. Rxf5 Ra2+ 44. Kh3 a4 45. Bg7+ Kb6 46.
Rf6+ Kc7 47. Rf7+ Kc8 48. Rf8+ Rd8 49. Rf4 b3 50. Rc4+ Kb7 51. Ne6 Rdd2 52. Kh4
Ka6 53. Rb4 Rxh2+ 54. Kg5 Rhc2 55. Be5 b2 56. Nc7+ Rxc7 57. Bxc7 a3 58. Be5 Ra1
59. Bxb2 axb2 60. Rxb2 Rh1 61. Rb8 Rh3 62. Kf4 Ka7 63. Rh8 Kb7 64. Kf3 Rh2 65.
Kf4 Rh3 66. Rg8 Kc7 67. Ke5 Kd7 68. Rg7+ Ke8 69. Ke6 Kf8 70. Rg5 h4 71. g4 Rf3
72. Rh5 h3 73. g5 Kg7 {unable to follow score sheet} 1/2-1/2

[Event "4NCL Division 2d"]
[Site "Birmingham, ENG"]
[Date "2016.05.01"]
[Round "10.255"]
[White "Robertson, J Stuart"]
[Black "Golding, Alex"]
[Result "0-1"]
[WhiteElo "2126"]
[BlackElo "2155"]
[PlyCount "36"]
[EventDate "2016.05.01"]
[WhiteTeam "Cambridge University 2"]
[BlackTeam "Guildford 3"]

1. d4 Nf6 2. c4 e6 3. Nc3 Bb4 4. f3 d5 5. a3 Bxc3+ 6. bxc3 Nc6 7. cxd5 exd5 8.
e3 Bf5 9. Ne2 O-O 10. g4 Nxg4 11. fxg4 Qh4+ 12. Ng3 Be4 13. Rg1 Qxh2 14. Nxe4
Qxg1 15. Nf2 Na5 16. Qf3 c6 17. Bd2 Nb3 18. Rb1 Qxf1+ 0-1

[Event "4NCL Division 2d"]
[Site "Birmingham, ENG"]
[Date "2016.05.01"]
[Round "10"]
[White "Punnett, Alan K"]
[Black "Brau, Julio"]
[Result "1-0"]
[WhiteElo "2125"]
[BlackElo "2042"]
[PlyCount "149"]
[EventDate "2016.05.01"]
[WhiteTeam "Guildford 3"]
[BlackTeam "Cambridge University 2"]

1. d4 Nf6 2. c4 e6 3. Nc3 Bb4 4. e3 O-O 5. Bd3 d5 6. Nge2 c5 7. cxd5 exd5 8.
O-O Nc6 9. a3 Bxc3 10. bxc3 Re8 11. Ng3 Ne4 12. Qc2 c4 13. Bxe4 dxe4 14. f3
exf3 15. gxf3 Bh3 16. Rf2 Na5 17. e4 Nb3 18. Rb1 b5 19. Ne2 Nxc1 20. Qxc1 Rb8
21. Nf4 Bd7 22. Rg2 Qh4 23. Nd5 Re6 24. Qf1 Rg6 25. Rxg6 hxg6 26. Qg2 Bh3 27.
Qg3 Qxg3+ 28. hxg3 Bd7 29. Kf2 Kf8 30. Ke3 f6 31. Nf4 g5 32. Ne2 Ke7 33. d5 Rh8
34. Kd4 Rh2 35. Re1 Kd6 36. f4 Bg4 37. e5+ Kd7 38. Ng1 gxf4 39. gxf4 a6 40. Kc5
Rd2 41. Re4 Rd1 42. e6+ Kd8 43. d6 Rxg1 44. d7 Bxe6 45. Rxe6 Kxd7 46. Rxa6 Rb1
47. f5 Rf1 48. Rd6+ Ke7 49. Rd5 Rb1 50. Kc6 Rb3 51. Rd7+ Kf8 52. Ra7 Kg8 53.
Ra5 Kh7 54. Kc5 Rxc3 55. Kxb5 Rc1 56. Kb4 Kh6 57. Rc5 Kg5 58. a4 Rc2 59. a5 Rc1
60. a6 c3 61. Rxc3 Ra1 62. Ra3 Rb1+ 63. Ka5 Rc1 64. a7 Rc8 65. Rf3 g6 66. fxg6
Kxg6 67. Kb6 f5 68. Ra3 f4 69. a8=Q Rxa8 70. Rxa8 Kf5 71. Kc5 Ke4 72. Kc4 Ke3
73. Ra3+ Ke2 74. Kd4 f3 75. Ra2+ 1-0

[Event "4NCL Division 2d"]
[Site "Birmingham, ENG"]
[Date "2016.05.01"]
[Round "10.1"]
[White "Gordon-Brown, Alexander J"]
[Black "Smart, Michael R"]
[Result "1-0"]
[WhiteElo "2063"]
[BlackElo "1990"]
[PlyCount "81"]
[EventDate "2016.05.01"]
[WhiteTeam "Cambridge University 2"]
[BlackTeam "Guildford 3"]

1. d4 Nf6 2. c4 c5 3. d5 e6 4. Nc3 exd5 5. cxd5 d6 6. e4 g6 7. f4 Bg7 8. Bb5+
Nfd7 9. a4 O-O 10. Nf3 Re8 11. O-O a6 12. Bd3 Qc7 13. Re1 c4 14. Bc2 Nc5 15. h3
Nbd7 16. Be3 Rb8 17. a5 b5 18. axb6 Rxb6 19. Ra2 Qb8 20. Qc1 Nb3 21. Bxb3 cxb3
22. Ra4 Rb4 23. Rxb4 Qxb4 24. Bd2 Bb7 25. Kh1 Qc4 26. Re3 Nc5 27. Qb1 Na4 28.
Nxa4 Qxa4 29. Qd3 Qa1+ 30. Kh2 Bh6 31. Kg3 g5 32. fxg5 Bg7 33. Qxb3 Bc8 34. Bc3
Bxc3 35. Qxc3 Bd7 36. h4 Qb1 37. Qd4 Bb5 38. h5 Qh1 39. h6 Kf8 40. Qg7+ Ke7 41.
Qf6+ 1-0

[Event "4NCL Division 2d"]
[Site "Birmingham, ENG"]
[Date "2016.05.01"]
[Round "10.2"]
[White "Stimpson, Philip M"]
[Black "Somerfield, Adrian P"]
[Result "0-1"]
[WhiteElo "1975"]
[BlackElo "2083"]
[PlyCount "106"]
[EventDate "2016.05.01"]
[WhiteTeam "Guildford 3"]
[BlackTeam "Cambridge University 2"]

1. e4 c6 2. d4 d5 3. e5 c5 4. dxc5 e6 5. Be3 Nc6 6. Nf3 Nh6 7. c3 Nf5 8. Bd4
Nfxd4 9. cxd4 Be7 10. Nc3 O-O 11. Bd3 b6 12. Qb1 h6 13. b4 bxc5 14. dxc5 Rb8
15. a3 Bxc5 16. Qd1 Be7 17. O-O f6 18. Qe2 fxe5 19. Nxe5 Nxe5 20. Qxe5 Bd6 21.
Qh5 Bd7 22. Rae1 Qf6 23. Re3 Bf4 24. Rf3 Qe5 25. Qxe5 Bxe5 26. Rxf8+ Kxf8 27.
Nd1 Rc8 28. Re1 Rc1 29. Kf1 Bd6 30. Nb2 Rxe1+ 31. Kxe1 a5 32. bxa5 Bxa3 33. Nd1
Bb4+ 34. Ke2 Bxa5 35. f4 Ke7 36. Ne3 Be8 37. Ng4 Bc7 38. Ke3 Bb6+ 39. Kf3 Bc7
40. Ke3 Bb6+ 41. Kf3 Bd4 42. Ne5 Kd6 43. Ng6 Ba4 44. Ke2 Bb3 45. g4 e5 46.
fxe5+ Bxe5 47. Nxe5 Kxe5 48. Ke3 g5 49. h3 Bc4 50. Bc2 Bf1 51. Kf3 d4 52. Bd1
d3 53. Ke3 Bxh3 0-1

[Event "4NCL Division 2d"]
[Site "Birmingham, ENG"]
[Date "2016.05.01"]
[Round "10.5"]
[White "Swindells, Jonathan E"]
[Black "Asenov, Pavel"]
[Result "1/2-1/2"]
[WhiteElo "2260"]
[BlackElo "2260"]
[PlyCount "81"]
[EventDate "2016.05.01"]
[WhiteTeam "The AD's"]
[BlackTeam "Brown Jack Witney"]

1. e4 c5 2. Nc3 a6 3. g3 b5 4. Bg2 Bb7 5. d3 e6 6. Qe2 d6 7. f4 Nc6 8. Nf3 Be7
9. O-O Nf6 10. h3 Qc7 11. Be3 O-O 12. Qf2 Nd7 13. f5 Bf6 14. g4 Nde5 15. g5
Nxf3+ 16. Qxf3 Nd4 17. Qf2 Be5 18. Nd1 exf5 19. c3 f4 20. Bxd4 cxd4 21. cxd4 f3
22. Bxf3 Bf4 23. Qh4 Bd2 24. Rf2 Be1 25. Ne3 Bxf2+ 26. Qxf2 f6 27. h4 fxg5 28.
hxg5 Qe7 29. Qg3 Rxf3 30. Qxf3 Qxg5+ 31. Ng2 Rf8 32. Qe3 Qh5 33. Rf1 Rxf1+ 34.
Kxf1 Bc8 35. Kf2 Qf7+ 36. Qf4 Qxa2 37. Qxd6 Qxb2+ 38. Kg3 Qc3 39. Qd5+ Kf8 40.
Qd6+ Kf7 41. Nf4 1/2-1/2

[Event "4NCL Division 2d"]
[Site "Birmingham, ENG"]
[Date "2016.05.01"]
[Round "10.6"]
[White "Onley, David E"]
[Black "Wheeler, Darren P"]
[Result "0-1"]
[WhiteElo "2158"]
[BlackElo "2215"]
[PlyCount "78"]
[EventDate "2016.05.01"]
[WhiteTeam "Brown Jack Witney"]
[BlackTeam "The AD's"]

1. e4 e6 2. d4 d5 3. Nd2 Nf6 4. e5 Nfd7 5. f4 c5 6. c3 Nc6 7. Ndf3 cxd4 8. cxd4
Qb6 9. g3 Bb4+ 10. Kf2 g5 11. fxg5 Ndxe5 12. Kg2 Nxf3 13. Nxf3 Bf8 14. Qb3 Qxb3
15. axb3 Bd7 16. Be3 Bd6 17. Be2 O-O 18. Rhf1 a6 19. Bf4 Be7 20. h4 Rfc8 21.
Rf2 f6 22. Rd1 Be8 23. Nh2 Bg6 24. Ng4 fxg5 25. hxg5 Rf8 26. Rc1 Rac8 27. Nh6+
Kg7 28. Kh3 Bxg5 29. Ng4 Bxf4 30. Rxf4 Rxf4 31. gxf4 Bh5 32. Kg3 Bxg4 33. Kxg4
Kf6 34. Rd1 Ne7 35. Rd2 Nf5 36. Kf3 Rg8 37. Kf2 Rg3 38. Bf3 Rh3 39. Bg2 Rxb3
0-1

[Event "4NCL Division 2d"]
[Site "Birmingham, ENG"]
[Date "2016.05.01"]
[Round "10.7"]
[White "Richardson, John R"]
[Black "Martin, Lewis"]
[Result "0-1"]
[WhiteElo "2267"]
[BlackElo "2147"]
[PlyCount "56"]
[EventDate "2016.05.01"]
[WhiteTeam "The AD's"]
[BlackTeam "Brown Jack Witney"]

1. d4 Nf6 2. c4 g6 3. g3 Bg7 4. Bg2 d6 5. Nf3 O-O 6. Nc3 Nbd7 7. O-O e5 8. e4
exd4 9. Nxd4 Ne5 10. b3 Nc6 11. Nde2 a5 12. Bb2 Re8 13. Qc2 Bd7 14. h3 Nb4 15.
Qd2 Bc6 16. f3 Nd7 17. a3 Na6 18. Rad1 a4 19. b4 Ne5 20. b5 Nxc4 21. Qc1 Bxb5
22. Nxb5 Nxb2 23. Rd2 Qg5 24. Ned4 Nc4 25. Rc2 Qxc1 26. Rfxc1 Nxa3 27. Ra2 Nxb5
28. Nxb5 Nb4 0-1

[Event "4NCL Division 2d"]
[Site "Birmingham, ENG"]
[Date "2016.05.01"]
[Round "10.8"]
[White "Richmond, Jane"]
[Black "Snape, Ian L"]
[Result "0-1"]
[WhiteElo "2155"]
[BlackElo "2267"]
[PlyCount "76"]
[EventDate "2016.05.01"]
[WhiteTeam "Brown Jack Witney"]
[BlackTeam "The AD's"]

1. e4 d6 2. d4 Nf6 3. Nc3 Nbd7 4. Be3 e5 5. g3 g6 6. Bg2 Bg7 7. h3 exd4 8. Bxd4
O-O 9. Nge2 Re8 10. O-O Ne5 11. b3 Bd7 12. f4 Nc6 13. Bf2 b5 14. a3 a5 15. Qd3
b4 16. axb4 Nxb4 17. Qd2 Bc6 18. Nd4 Nxe4 19. Nxe4 Bxe4 20. c3 Bxg2 21. Kxg2
Na6 22. Rfe1 Nc5 23. Nc6 Qd7 24. Qd5 Rxe1 25. Rxe1 Re8 26. Rxe8+ Qxe8 27. Bxc5
dxc5 28. Kf3 Bxc3 29. Qxc5 Qe1 30. Ne7+ Kg7 31. Nd5 Qd1+ 32. Kg2 Bd4 33. Qc4 c5
34. g4 Qg1+ 35. Kf3 Qf2+ 36. Ke4 Qg2+ 37. Kd3 Qxh3+ 38. Kc2 Qxg4 0-1

[Event "4NCL Division 2d"]
[Site "Birmingham, ENG"]
[Date "2016.05.01"]
[Round "10.9"]
[White "Stockwell, Mark B"]
[Black "Mihalik, Agoston"]
[Result "0-1"]
[WhiteElo "2087"]
[BlackElo "2127"]
[PlyCount "70"]
[EventDate "2016.05.01"]
[WhiteTeam "The AD's"]
[BlackTeam "Brown Jack Witney"]

1. e4 c5 2. Nf3 d6 3. Bb5+ Nd7 4. d4 cxd4 5. Qxd4 a6 6. Bxd7+ Bxd7 7. Nc3 Bc6
8. Bg5 h6 9. Bh4 Nf6 10. O-O-O e5 11. Qc4 Qe7 12. Bxf6 Qxf6 13. Nd5 Qd8 14. Kb1
Rc8 15. Qb3 b5 16. Nb4 Qb6 17. Nxc6 Qxc6 18. Qd3 Be7 19. Rhe1 O-O 20. Ng1 f5
21. f3 fxe4 22. Rxe4 a5 23. Ne2 b4 24. Nd4 Qb7 25. Nb5 Rfd8 26. c4 d5 27. cxd5
Rc5 28. d6 Qxb5 29. Qb3+ Kf8 30. dxe7+ Kxe7 31. Rxd8 Kxd8 32. Qg8+ Kc7 33.
Qxg7+ Kb8 34. Qf8+ Kb7 35. Qe7+ Rc7 0-1

[Event "4NCL Division 2d"]
[Site "Birmingham, ENG"]
[Date "2016.05.01"]
[Round "10.11"]
[White "Arkell, Nicholas D"]
[Black "Rabbitt, Michael"]
[Result "1/2-1/2"]
[WhiteElo "2027"]
[BlackElo "2036"]
[PlyCount "53"]
[EventDate "2016.05.01"]
[WhiteTeam "The AD's"]
[BlackTeam "Brown Jack Witney"]

1. d4 Nf6 2. g3 d5 3. Bg2 Bf5 4. Nf3 e6 5. O-O Be7 6. c4 c6 7. cxd5 exd5 8. Nc3
O-O 9. Bf4 Nbd7 10. Ne5 Nxe5 11. Bxe5 Nd7 12. Bf4 Re8 13. h3 Bf8 14. Qd2 Nf6
15. a3 a5 16. Be5 h6 17. Qf4 Bg6 18. Bxf6 Qxf6 19. Qxf6 gxf6 20. Rfd1 f5 21. e3
f6 22. Bf1 Bh5 23. Be2 Bxe2 24. Nxe2 Kf7 25. Nf4 Bd6 26. Ng2 a4 27. Ne1 1/2-1/2

[Event "4NCL Division 2d"]
[Site "Birmingham, ENG"]
[Date "2016.05.01"]
[Round "10.12"]
[White "Shaw, Meyrick"]
[Black "Selway, Alexander M"]
[Result "1-0"]
[WhiteElo "2035"]
[BlackElo "1705"]
[PlyCount "53"]
[EventDate "2016.05.01"]
[WhiteTeam "Brown Jack Witney"]
[BlackTeam "The AD's"]

1. e4 Nc6 2. d4 d5 3. e5 f6 4. f4 Nh6 5. c3 Bg4 6. Qb3 Rb8 7. Be3 e6 8. Nd2 Be7
9. h3 Bf5 10. g4 Bg6 11. exf6 gxf6 12. f5 Nxf5 13. gxf5 Bxf5 14. O-O-O a6 15.
Re1 b5 16. Ngf3 Na5 17. Qd1 Qd6 18. Nh4 Be4 19. Nxe4 dxe4 20. Rg1 b4 21. Qh5+
Kd7 22. Qxa5 bxc3 23. Qxc3 f5 24. Rg7 f4 25. d5 fxe3 26. dxe6+ Ke8 27. Rxe7+
1-0

[Event "4NCL Division 2d"]
[Site "Birmingham, ENG"]
[Date "2016.05.01"]
[Round "10.15"]
[White "Lyell, Mark"]
[Black "Pitcher, John"]
[Result "1/2-1/2"]
[WhiteElo "2290"]
[BlackElo "2230"]
[PlyCount "174"]
[EventDate "2016.05.01"]
[WhiteTeam "Hackney 1"]
[BlackTeam "Warwickshire Select 1"]

1. e4 c5 2. Nf3 e6 3. c3 d5 4. e5 d4 5. g3 Bd7 6. Bg2 Bc6 7. d3 Ne7 8. O-O Nf5
9. Qe2 Be7 10. Nbd2 h5 11. h4 Nd7 12. Ne4 dxc3 13. bxc3 Nb6 14. c4 Qd7 15. Bf4
Na4 16. Rab1 Rd8 17. Rb3 b6 18. Re1 Nd4 19. Nxd4 cxd4 20. Bd2 Nc5 21. Nxc5 Bxc5
22. Be4 Bxe4 23. Qxe4 Rc8 24. Qf3 Be7 25. Kg2 f5 26. exf6 gxf6 27. Rb5 Qc6 28.
a4 Qxf3+ 29. Kxf3 Kf7 30. a5 Bc5 31. Reb1 Rc7 32. Bb4 Rhc8 33. axb6 axb6 34.
Ra1 Rc6 35. Ke4 R8c7 36. Ra8 Rc8 37. Ra6 R8c7 38. Ra8 Rc8 39. Rxc8 Rxc8 40.
Bxc5 bxc5 41. Rb7+ Kg6 42. Re7 e5 43. f4 exf4 44. gxf4 Ra8 45. f5+ Kh6 46. Rf7
Re8+ 47. Kf4 Re3 48. Rxf6+ Kh7 49. Rc6 Rxd3 50. Rxc5 Rd1 51. Kg5 d3 52. Rd5 d2
53. Rd7+ Kg8 54. Kxh5 Kf8 55. f6 Ke8 56. Rd6 Kf7 57. c5 Rc1 58. Rxd2 Rxc5+ 59.
Kh6 Rf5 60. Rd7+ Kxf6 61. h5 Ra5 62. Rb7 Rc5 63. Rb1 Kf7 64. Rg1 Kf8 65. Rg6
Kf7 66. Ra6 Rb5 67. Ra7+ Kf6 68. Ra8 Kf7 69. Ra2 Rc5 70. Rf2+ Kg8 71. Rf6 Rc7
72. Rg6+ Kh8 73. Ra6 Rh7+ 74. Kg6 Rg7+ 75. Kf6 Kh7 76. Kf5 Rf7+ 77. Kg5 Rg7+
78. Kf5 Rf7+ 79. Kg4 Rg7+ 80. Kh4 Rb7 81. Ra4 Rc7 82. Kg4 Rg7+ 83. Kh4 Rb7 84.
Ra5 Rg7 85. Rb5 Rg1 86. Rb7+ Rg7 87. Rb6 Rg1 1/2-1/2

[Event "4NCL Division 2d"]
[Site "Birmingham, ENG"]
[Date "2016.05.01"]
[Round "10.16"]
[White "Mason, Donald J"]
[Black "Eames, Robert S"]
[Result "1/2-1/2"]
[WhiteElo "2230"]
[BlackElo "2275"]
[PlyCount "51"]
[EventDate "2016.05.01"]
[WhiteTeam "Warwickshire Select 1"]
[BlackTeam "Hackney 1"]

1. c4 e6 2. Nf3 d5 3. d4 c6 4. g3 dxc4 5. Bg2 b5 6. O-O Nf6 7. Ne5 Bb7 8. a4
Qb6 9. b3 cxb3 10. a5 Qa6 11. Nd2 c5 12. Bxb7 Qxb7 13. dxc5 Bxc5 14. Nxb3 Be7
15. Bb2 O-O 16. Rc1 Rc8 17. Rxc8+ Qxc8 18. Qd4 Nc6 19. Nxc6 Qxc6 20. Rc1 Qd5
21. Qxd5 Nxd5 22. e4 Nf6 23. f3 Ne8 24. Kf2 Rd8 25. Ke2 Bb4 26. Rc6 1/2-1/2

[Event "4NCL Division 2d"]
[Site "Birmingham, ENG"]
[Date "2016.05.01"]
[Round "10.17"]
[White "Britton, Richard L"]
[Black "Shephard, Chris C W"]
[Result "1/2-1/2"]
[WhiteElo "2186"]
[BlackElo "2215"]
[PlyCount "43"]
[EventDate "2016.05.01"]
[WhiteTeam "Hackney 1"]
[BlackTeam "Warwickshire Select 1"]

1. e4 d6 2. d4 Nf6 3. Nc3 e5 4. Nf3 Nbd7 5. Bc4 Be7 6. O-O O-O 7. Re1 c6 8. a4
a5 9. Ba2 h6 10. h3 Qc7 11. Be3 Re8 12. Qd2 Nf8 13. Rad1 Ng6 14. Nh2 Bf8 15. f3
Be6 16. Bxe6 Rxe6 17. d5 Ree8 18. Qf2 Qc8 19. Nf1 Nh5 20. Ng3 Nxg3 21. Qxg3 Be7
22. Qh2 1/2-1/2

[Event "4NCL Division 2d"]
[Site "Birmingham, ENG"]
[Date "2016.05.01"]
[Round "10.18"]
[White "Stepanyan, Henrik"]
[Black "Chin, Francis"]
[Result "1-0"]
[WhiteElo "2140"]
[BlackElo "2155"]
[PlyCount "133"]
[EventDate "2016.05.01"]
[WhiteTeam "Warwickshire Select 1"]
[BlackTeam "Hackney 1"]

1. d4 d5 2. c4 e6 3. Nc3 Nf6 4. Nf3 c6 5. g3 dxc4 6. a4 Bb4 7. Bg2 Nbd7 8. O-O
a5 9. Qc2 O-O 10. Ne4 Nxe4 11. Qxe4 c3 12. bxc3 Bxc3 13. Rb1 Bb4 14. Ng5 Nf6
15. Qc2 h6 16. Nf3 Qe7 17. Bb2 Bd7 18. Ne5 Rfd8 19. Rfc1 Be8 20. Qb3 Rac8 21.
Bc3 Nd5 22. Bxd5 cxd5 23. Bxb4 Rxc1+ 24. Rxc1 Qxb4 25. Qxb4 axb4 26. Rb1 Bxa4
27. Rxb4 Bc6 28. Rb6 Rd6 29. f4 Kf8 30. Nd3 Rd7 31. Nc5 Rc7 32. Kf2 Ke7 33. Ke3
Kd6 34. Kd3 Re7 35. Kc3 Kc7 36. Rb1 Re8 37. Ra1 f6 38. Nd3 Rb8 39. Kb4 b6 40.
Ra7+ Rb7 41. Rxb7+ Kxb7 42. e3 Bd7 43. Nf2 Kc6 44. Nd3 Be8 45. Nb2 Bh5 46. Na4
Be2 47. Nc3 Bf1 48. Na4 Bd3 49. Nc3 Bc2 50. Nb5 Bd3 51. Nc3 Bg6 52. Na4 Be8 53.
Nb2 Bd7 54. Na4 Bc8 55. Nc3 Ba6 56. Na4 Kc7 57. Nc3 g5 58. Na4 Kc6 59. Nc3 Bd3
60. Na4 Bc4 61. Nc3 b5 62. Nd1 Kd6 63. Nc3 Kc6 64. Nd1 g4 65. Nc3 h5 66. Nd1 e5
67. Nc3 1-0

[Event "4NCL Division 2d"]
[Site "Birmingham, ENG"]
[Date "2016.05.01"]
[Round "10.19"]
[White "Holes, Michal"]
[Black "Lam, Paul G M"]
[Result "1/2-1/2"]
[WhiteElo "2162"]
[BlackElo "2207"]
[PlyCount "69"]
[EventDate "2016.05.01"]
[WhiteTeam "Hackney 1"]
[BlackTeam "Warwickshire Select 1"]

1. e4 Nc6 2. d4 d6 3. d5 Nb8 4. c4 Nf6 5. Nc3 g6 6. Be3 Bg7 7. Be2 O-O 8. Nf3
c5 9. h3 a6 10. e5 Ne8 11. exd6 exd6 12. Bg5 f6 13. Bh4 g5 14. Bg3 f5 15. O-O
f4 16. Bh2 Bf5 17. Bd3 Nd7 18. Bxf5 Rxf5 19. Qc2 Rf7 20. Ne4 h6 21. Rae1 b6 22.
Kh1 Ne5 23. h4 Nxf3 24. gxf3 Bf6 25. Rg1 Ng7 26. hxg5 hxg5 27. Rg4 Be7 28. Nxg5
Bxg5 29. Qg6 Bh4 30. Qh5 Bxf2 31. Re6 Qh4 32. Rxh4 Nxh5 33. Rxh5 Bd4 34. Reh6
Re8 35. Re6 {Unable to read scoresheet} 1/2-1/2

[Event "4NCL Division 2d"]
[Site "Birmingham, ENG"]
[Date "2016.05.01"]
[Round "10.20"]
[White "Fallowfield, Jeremy R"]
[Black "Balloglu, Piro"]
[Result "1/2-1/2"]
[WhiteElo "2138"]
[BlackElo "1959"]
[PlyCount "65"]
[EventDate "2016.05.01"]
[WhiteTeam "Warwickshire Select 1"]
[BlackTeam "Hackney 1"]

1. d4 d5 2. c4 c6 3. Nc3 Nf6 4. Nf3 dxc4 5. a4 Bf5 6. Ne5 e6 7. f3 Bb4 8. Nxc4
Nd5 9. Qd2 Bg6 10. e4 Nb6 11. Ne3 a5 12. Be2 Na6 13. O-O Qe7 14. Nc4 Nxc4 15.
Bxc4 O-O 16. Qe2 f6 17. Be3 Bf7 18. Rad1 Nc7 19. Na2 Bd6 20. f4 e5 21. dxe5
fxe5 22. f5 Ne8 23. Kh1 Nf6 24. Nc3 Kh8 25. Bg5 Rad8 26. Bd3 Bc5 27. Rde1 Qd6
28. Bc2 Bh5 29. Qc4 Rd7 30. Bd1 Bf7 31. Qe2 Qd4 32. Qf3 Qb4 33. Bc1 1/2-1/2

[Event "4NCL Division 2d"]
[Site "Birmingham, ENG"]
[Date "2016.05.01"]
[Round "10.21"]
[White "Yurenok, Maria S"]
[Black "Baruch, Andrew J D"]
[Result "0-1"]
[WhiteElo "1975"]
[BlackElo "2076"]
[PlyCount "94"]
[EventDate "2016.05.01"]
[WhiteTeam "Hackney 1"]
[BlackTeam "Warwickshire Select 1"]

1. d4 g6 2. c4 Bg7 3. Nc3 d6 4. e4 c6 5. Be3 a6 6. Bd3 b5 7. Nge2 Nd7 8. O-O
Ngf6 9. f3 O-O 10. Qd2 e5 11. Rad1 Qa5 12. a3 Nb6 13. b4 Qxa3 14. Ra1 Qxb4 15.
Rfb1 Nxc4 16. Qc1 Qxb1 17. Rxb1 Nxe3 18. Qxe3 exd4 19. Nxd4 c5 20. Nc2 Be6 21.
Qd2 b4 22. Nd5 Bxd5 23. exd5 Nxd5 24. Bc4 Nc3 25. Re1 d5 26. Bf1 a5 27. Kh1 a4
28. Re3 a3 29. Rxc3 Bxc3 30. Qxd5 a2 31. g3 Rfd8 32. Qxc5 a1=Q 33. Nxa1 Rxa1
34. Qc4 Rdd1 35. f4 Rxf1+ 36. Kg2 Rfd1 37. f5 Kg7 38. fxg6 hxg6 39. h4 Rd4 40.
Qb5 Rd2+ 41. Kf3 Rad1 42. h5 Rd5 43. Qa4 R1d3+ 44. Ke2 Rd2+ 45. Ke3 Rxh5 46. g4
Rh3+ 47. Ke4 Rd4+ 0-1

[Event "4NCL Division 2d"]
[Site "Birmingham, ENG"]
[Date "2016.05.01"]
[Round "10.22"]
[White "Hiley, Catherine"]
[Black "Booth, Richard"]
[Result "0-1"]
[WhiteElo "1720"]
[BlackElo "2005"]
[PlyCount "42"]
[EventDate "2016.05.01"]
[WhiteTeam "Warwickshire Select 1"]
[BlackTeam "Hackney 1"]

1. e4 e5 2. Nf3 Nc6 3. Bc4 Bc5 4. c3 Nf6 5. d4 exd4 6. cxd4 Bb4+ 7. Nc3 Nxe4 8.
O-O Bxc3 9. bxc3 d5 10. Bd3 O-O 11. Re1 Bf5 12. Bb2 Na5 13. Nd2 Nxf2 14. Kxf2
Qh4+ 15. Kg1 Bxd3 16. Re3 Nc4 17. Nxc4 dxc4 18. Rh3 Qe4 19. Qd2 Rfe8 20. a4 Re6
21. Rf3 Rae8 0-1

[Event "4NCL Division 2d"]
[Site "Birmingham, ENG"]
[Date "2016.05.01"]
[Round "10.25"]
[White "Webb, Richard M"]
[Black "Ross, Chris N"]
[Result "1/2-1/2"]
[WhiteElo "2254"]
[BlackElo "2194"]
[PlyCount "35"]
[EventDate "2016.05.01"]
[WhiteTeam "CSC Dragons [1]"]
[BlackTeam "MK Phoenix 1"]

1. e4 c5 2. Nc3 Nc6 3. Nge2 e6 4. g3 a6 5. Bg2 Qc7 6. O-O Nf6 7. f4 d6 8. a4
Rb8 9. d3 b5 10. axb5 axb5 11. h3 Be7 12. g4 b4 13. Nb1 Nd7 14. Nd2 Nb6 15. Nf3
d5 16. e5 O-O 17. c3 f6 18. d4 1/2-1/2

[Event "4NCL Division 2d"]
[Site "Birmingham, ENG"]
[Date "2016.05.01"]
[Round "10.26"]
[White "Friedgood, David"]
[Black "Farrand, Tom"]
[Result "1/2-1/2"]
[WhiteElo "2230"]
[BlackElo "2177"]
[PlyCount "34"]
[EventDate "2016.05.01"]
[WhiteTeam "MK Phoenix 1"]
[BlackTeam "CSC Dragons [1]"]

1. Nf3 e6 2. g3 f5 3. Bg2 Nf6 4. O-O Be7 5. d4 O-O 6. c4 d6 7. Nc3 Ne4 8. Qc2
Nxc3 9. Qxc3 a5 10. Rd1 Bf6 11. Qc2 Qe8 12. e4 e5 13. dxe5 dxe5 14. exf5 Qh5
15. Qe4 Qxf5 16. Qxf5 Bxf5 17. Be3 Nc6 1/2-1/2

[Event "4NCL Division 2d"]
[Site "Birmingham, ENG"]
[Date "2016.05.01"]
[Round "10.27"]
[White "Thompson, Ian D"]
[Black "Tippleston, Charles E"]
[Result "1/2-1/2"]
[WhiteElo "2161"]
[BlackElo "2115"]
[PlyCount "57"]
[EventDate "2016.05.01"]
[WhiteTeam "CSC Dragons [1]"]
[BlackTeam "MK Phoenix 1"]

1. c4 e5 2. g3 Nf6 3. Bg2 Nc6 4. Nf3 Bc5 5. d3 O-O 6. Nc3 d6 7. O-O h6 8. e3 a6
9. b3 Re8 10. Bb2 Ba7 11. h3 Bf5 12. Kh2 Bh7 13. e4 Nd4 14. Ng1 Nd7 15. Nge2 c6
16. Qd2 Qg5 17. Qxg5 hxg5 18. Rad1 Rad8 19. Bc1 f6 20. Nxd4 Bxd4 21. Ne2 Bb6
22. f4 gxf4 23. gxf4 exf4 24. Bxf4 Nf8 25. Bg3 Bg6 26. Nf4 Bf7 27. Bf3 Ne6 28.
Nxe6 Rxe6 29. Kg2 1/2-1/2

[Event "4NCL Division 2d"]
[Site "Birmingham, ENG"]
[Date "2016.05.01"]
[Round "10.28"]
[White "Grieve, Harry"]
[Black "Coates, Kenneth G"]
[Result "0-1"]
[WhiteElo "2102"]
[BlackElo "2123"]
[PlyCount "48"]
[EventDate "2016.05.01"]
[WhiteTeam "MK Phoenix 1"]
[BlackTeam "CSC Dragons [1]"]

1. d4 d5 2. c4 c6 3. Nc3 Nf6 4. e3 e6 5. Nf3 Nbd7 6. Qc2 Bd6 7. g4 h6 8. Bd2 a6
9. h3 b5 10. b3 Qe7 11. e4 dxe4 12. Nxe4 Nxe4 13. Qxe4 Bb7 14. Bg2 Nf6 15. Qe2
c5 16. O-O O-O 17. Rfd1 cxd4 18. Nxd4 Bxg2 19. Kxg2 bxc4 20. Qxc4 Rfc8 21. Qe2
Nd5 22. Rac1 Qb7 23. Qf3 Be5 24. Nc2 Bb2 0-1